000 00829nam#a22003015a#4500
001 610
008 071024s2000####xx#o###g|f####|00#||mul||
245 1 0 _aCultivo de vid :
_bBajo cubierta.
250 _a1ª ed.
260 _a[S.l. :
_bs.n.],
_c2000.
300 _a32 p. :
_bfot., cuad. ;
_c29 cm.
110 2 _aCETEFFHO-JICA
_gCentro Tecnológico de Flori-Fruti-Horticultura.
080 _a581.526.43
084 _aV61
653 _aCaracterísticas de la uva
653 _aModalidad de crecimiento de la planta
653 _aMétodos de multiplicación
653 _aSuelo
653 _aCrecimiento
653 _aPoda y conducción
653 _aTrastornos fisiológicos
653 _aEnfermedades
653 _aPlagas
040 _aAR-ClEAG
_cAR-ClEAG
005 20241107184640.0
003 AR-ClEAG
942 _cBK
999 _c610
_d610
980 _62
_aEvangelina Gallicchio
_82
_gEvangelina Gallicchio